000 00612nam a2200241Ia 4500
003 OSt
005 20220918181734.0
006 a|||||r|||| 00| 0
007 ta
008 220917b |||||||| |||| 00| 0 eng d
024 _a28,370
037 _cTextual
040 _aARTS
_cARTS
_beng
041 _2eng
_aeng
082 _aQ1:24x, 111N8
100 _aSharma R. B
_959142
245 0 _aPearls from Upanisads
260 _aNew Delhi
_bVikas Pub
_c1998
300 _axiv,165p.
_ccm.
650 _aRELIGION
942 _hQ1:24x, 111N8
_cTEXL
_2CC
999 _c166657
_d166657